Red Sea, Black Sea, or Caspian Sea? - Statistics

General Stats
  • This quiz has been taken 14 times
  • The average score is 16 of 22
Answer Stats
Hint Answer % Correct
Bulgaria Black Sea
91%
Saudi Arabia Red Sea
91%
Yemen Red Sea
91%
Turkey Black Sea
82%
Romania Black Sea
82%
Ukraine Black Sea
82%
Azerbaijan Caspian Sea
82%
Greece None
82%
Lebanon None
73%
Egypt Red Sea
73%
Jordan Red Sea
73%
Georgia Black Sea
64%
Russia Black Sea AND Caspian Sea
64%
Iran Caspian Sea
64%
Kazakhstan Caspian Sea
64%
Armenia None
64%
Iraq None
64%
Sudan Red Sea
64%
Israel Red Sea
64%
Turkmenistan Caspian Sea
55%
Moldova None
55%
Uzbekistan None
45%
No matching quizzes found
Score Distribution
Percent of People with Each Score
Percentile by Number Answered
Your Score History
You have not taken this quiz